The Holy Quran : (Record no. 1841)
[ view plain ]
| 000 -LEADER | |
|---|---|
| fixed length control field | 00714nac a22001931u 4500 |
| 082 00 - DEWEY DECIMAL CLASSIFICATION NUMBER | |
| Classification number | 297 |
| 090 ## - LOCALLY ASSIGNED LC-TYPE CALL NUMBER (OCLC); LOCAL CALL NUMBER (OCLC) | |
| -- | 1841 |
| -- | 1841 |
| 100 ## - MAIN ENTRY--PERSONAL NAME | |
| Personal name | 20080729 |
| 245 14 - TITLE STATEMENT | |
| Title | The Holy Quran : |
| Statement of responsibility, etc | by Maulana Muhammed Ali |
| Remainder of title | Arabic text, English tarnslation and Connentary / |
| 260 ## - PUBLICATION, DISTRIBUTION, ETC. (IMPRINT) | |
| Place of publication, distribution, etc | London, |
| Name of publisher, distributor, etc | Allen & Unwin; |
| Place of publication, distribution, etc | New York, |
| Name of publisher, distributor, etc | Macmillan |
| Date of publication, distribution, etc | [1955] |
| 300 ## - PHYSICAL DESCRIPTION | |
| Extent | 2 v. |
| Dimensions | 23 cm. |
| 490 0# - Series Statement | |
| Series statement | Spalding library of religion |
| 500 ## - GENERAL NOTE | |
| General note | Donations |
| 500 ## - GENERAL NOTE | |
| General note | Donations - Dr. Mostafa Gouda |
| 650 ## - SUBJECT ADDED ENTRY--TOPICAL TERM | |
| Topical term or geographic name as entry element | Koran |
| 700 1# - ADDED ENTRY--PERSONAL NAME | |
| Personal name | Ali, Maulana Muhammad |
| 942 ## - ADDED ENTRY ELEMENTS (KOHA) | |
| Item type | Book - Borrowing |
| Call number prefix | 297 |
| Withdrawn status | Item status | Damaged status | Not for loan | Home library | Current library | Shelving location | Date acquired | Source of acquisition | Total Checkouts | Total Renewals | Full call number | Barcode | Date last seen | Date last borrowed | Koha item type |
|---|---|---|---|---|---|---|---|---|---|---|---|---|---|---|---|
| Central Library | Central Library | Lower Floor | 18/12/2006 | Purchase | 2 | 3 | 297 HOL | 000002476 | 15/07/2025 | 16/02/2012 | Book - Borrowing |